| 000 | 00714cam a2200241 a 4500 | ||
|---|---|---|---|
| 999 |
_c5796 _d5796 |
||
| 001 | 18228 | ||
| 003 | BD-DhUAP | ||
| 005 | 20201221121136.0 | ||
| 008 | 201221r20122008ii abf b f000 0 eng | ||
| 020 | _a9780070091245 | ||
| 020 | _a0070091242 | ||
| 040 |
_aBD-DhUAP _cBD-DhUAP _dBD-DhUAP _bEng |
||
| 082 |
_a658.15 COR _223 |
||
| 245 |
_aCorporate finance / _cStephen A. Ross ... [et al.]. |
||
| 250 | _a8th ed. | ||
| 260 |
_aNew Delhi : _bTata McGraw-Hill education, _cc2008 [Reprinted 2012]. |
||
| 300 |
_axxxiv, 1105 pages : _billustrations ; _c24 cm. |
||
| 500 | _aIncludes index. | ||
| 650 |
_aCorporations _vFinance. |
||
| 650 | _aFinancial statements. | ||
| 700 | _aRoss, Stephen A. | ||
| 942 |
_2ddc _cBK |
||